MARC details
| 000 -CABECERA |
| campo de control de longitud fija |
01495nam a2200265 a 4500 |
| 001 - NÚMERO DE CONTROL |
| campo de control |
000041743 |
| 005 - FECHA Y HORA DE LA ÚLTIMA TRANSACCIÓN |
| campo de control |
20201002035729.0 |
| 008 - DATOS DE LONGITUD FIJA--INFORMACIÓN GENERAL |
| campo de control de longitud fija |
130920s1990 sp 001 0 spa d |
| 020 ## - NÚMERO INTERNACIONAL ESTÁNDAR DEL LIBRO |
| Número Internacional Estándar del Libro |
8485861108 |
| 040 ## - FUENTE DE LA CATALOGACIÓN |
| Centro catalogador/agencia de origen |
DO-SdBNP |
| Lengua de catalogación |
spa |
| Centro/agencia transcriptor |
BNPHU |
| 082 ## - NÚMERO DE LA CLASIFICACIÓN DECIMAL DEWEY |
| Número de clasificación |
322.1 |
| Número de documento/Ítem |
G216m |
| 049 ## - FONDOS LOCALES (OCLC) |
| Fondos de biblioteca |
BNPD |
| 100 1# - ENTRADA PRINCIPAL--NOMBRE DE PERSONA |
| Nombre de persona |
García Añoveros, Jesús María |
| 9 (RLIN) |
15700 |
| 245 13 - MENCIÓN DE TÍTULO |
| Título |
La monarquía y la iglesia en América / |
| Mención de responsabilidad, etc. |
Jesus María García Añoveros. |
| 260 ## - PUBLICACIÓN, DISTRIBUCIÓN, ETC. |
| Lugar de publicación, distribución, etc. |
Valencia, España : |
| Nombre del editor, distribuidor, etc. |
Asociación Francisco López de Gomara, |
| Fecha de publicación, distribución, etc. |
1990. |
| 300 ## - DESCRIPCIÓN FÍSICA |
| Extensión |
301 p. ; |
| Dimensiones |
24 cm. |
| 490 1# - MENCIÓN DE SERIE |
| Mención de serie |
La Corona y los Pueblos Americanos |
| Designación de volumen o secuencia |
6 |
| 504 ## - NOTA DE BIBLIOGRAFÍA, ETC. |
| Nota de bibliografía, etc. |
Bibliografía: p. 295-301. |
| 505 0# - NOTA DE CONTENIDO CON FORMATO |
| Información miscelánea |
Introducción -- |
| Título |
Presencia asociada de la iglesia y la monarquia hispanas en América -- |
| -- |
El dominio de la corona de Castilla y León en las Indias -- |
| -- |
La licitud de la conquista de las Indias -- |
| -- |
La monarquía y el gobierno espiritual de las Indias -- |
| -- |
La monarquía y la organización de la iglesia indiana -- |
| -- |
La monarquía y la evangelización de las Indias -- |
| -- |
Proceder de la monarquía y de la iglesia en el trato a los indígenas -- |
| -- |
El gobierno espiritual de las Indias y la independencia -- |
| Información miscelánea |
Bibliografía. |
| 650 #4 - PUNTO DE ACCESO ADICIONAL DE MATERIA--TÉRMINO DE MATERIA |
| Término de materia o nombre geográfico como elemento de entrada |
Iglesia y estado en américa latina |
| Subdivisión general |
Historia |
| Subdivisión cronológica |
1492-1830 |
| 9 (RLIN) |
68589 |
| 651 #4 - PUNTO DE ACCESO ADICIONAL DE MATERIA--NOMBRE GEOGRÁFICO |
| Nombre geográfico |
América Latina |
| Subdivisión general |
Historia Eclesiástica |
| Subdivisión cronológica |
1400-1800 |
| 9 (RLIN) |
68590 |
| 650 #4 - PUNTO DE ACCESO ADICIONAL DE MATERIA--TÉRMINO DE MATERIA |
| Término de materia o nombre geográfico como elemento de entrada |
Monarquía española |
| Subdivisión general |
Historia |
| Subdivisión cronológica |
1400-1800 |
| 9 (RLIN) |
67703 |
| 830 #0 - PUNTO DE ACCESO ADICIONAL DE SERIE-TÍTULO UNIFORME |
| Título uniforme |
La Corona y los Pueblos Americanos |
| Número de parte o sección de la obra |
6 |
| 9 (RLIN) |
68591 |
| 910 ## - DATOS DE OPCIÓN DEL USUARIO (OCLC) |
| Datos de opción del usuario |
Validado. Control de calidad EMS |